|
|
|
|
| LEADER |
00000nab a2200000 a 4500 |
| 001 |
vtls000688764 |
| 003 |
SK-MaSNL |
| 005 |
20260303191156.0 |
| 008 |
160314c xo 0 slo |
| 015 |
|
|
|a SNBRB1999/04-09011
|
| 035 |
|
|
|a CLN000040931
|
| 040 |
|
|
|a SNKBUCL
|b slo
|c SNKBUCL
|e AACR2
|
| 041 |
0 |
|
|a slo
|
| 044 |
|
|
|a xo
|c SK
|
| 080 |
|
|
|a 885.4-3
|2 UDC-MRF-SK2
|
| 100 |
1 |
|
|a Bohúň, Emo,
|d 1899-1959
|4 aut
|9 122827
|
| 245 |
1 |
0 |
|a Po dvadsiatich rokoch
|c Emo Bohúň
|
| 650 |
0 |
7 |
|a spoločenské poviedky, slovenské
|2 snkbucl
|9 28976
|
| 773 |
0 |
|
|x 0862-8823
|t Slovenské národné noviny
|g Roč. 10 (14), č. 17 (1999), s. 8
|
| 850 |
|
|
|a Slovenská národná knižnica v Martine
|
| 852 |
|
|
|a SNK
|b KIS3GCP
|
| 958 |
|
|
|a SK
|
| 958 |
|
|
|a LX
|
| 958 |
|
|
|a RBX
|
| 999 |
|
|
|c 2139762
|d 2141692
|